guess the normal airbus and boeing commercial aircrafts - Statistics

General Stats
  • This quiz has been taken 29 times
  • The average score is 13 of 14
Answer Stats
hint Answer % Correct
boeing b737
100%
boeing b747
100%
boeing b767
100%
boeing b787
100%
airbus a320
96%
airbus a330
96%
airbus a340
96%
airbus a350
96%
airbus a380
96%
boeing b757
96%
boeing b777
96%
airbus a319
88%
airbus a321
88%
airbus a318
84%
No matching quizzes found
Score Distribution
Percent of People with Each Score
Percentile by Number Answered
Your Score History
You have not taken this quiz